Основы теории чисел: учебное пособие

Detalles Bibliográficos
Autor principal: Виноградов И. М. Иван Матвеевич
Sumario:В книге излагаются основы теории чисел в объеме университетского курса. Для студентов математических специальностей университетов и педвузов, аспирантов, научных работников в области математики.
Lenguaje:ruso
Publicado: СПб., Лань, 2006
Edición:11-е изд., стер.
Colección:Лучшие классические учебники. Математика
Materias:
Formato: Libro
KOHA link:https://koha.lib.tpu.ru/cgi-bin/koha/opac-detail.pl?biblionumber=105663

MARC

LEADER 00000nam0a2200000 4500
001 105663
005 20231031114521.0
010 |a 5811405359 
035 |a (RuTPU)RU\TPU\book\114015 
090 |a 105663 
100 |a 20061120d2006 m y0rusy50 ca 
101 0 |a rus 
102 |a RU 
105 |a a j 000zy 
200 1 |a Основы теории чисел  |e учебное пособие  |f И. М. Виноградов 
205 |a 11-е изд., стер. 
210 |a СПб.  |c Лань  |d 2006 
215 |a 176 с.  |c ил. 
225 1 |a Лучшие классические учебники. Математика 
330 |a В книге излагаются основы теории чисел в объеме университетского курса. Для студентов математических специальностей университетов и педвузов, аспирантов, научных работников в области математики. 
451 1 |0 (RuTPU)RU\TPU\book\68194  |y 5-8114-0535-9  |t Основы теории чисел  |o [учебное пособие]  |f И. М. Виноградов  |e 10-е изд., стер.  |c СПб.  |n Лань  |d 2004  |p 176 с.  |s Учебники для вузов. Специальная литература  |a Виноградов, Иван Матвеевич 
610 1 |a числа 
610 1 |a учебные пособия 
610 1 |a делимость 
610 1 |a важнейшие функции 
610 1 |a функция Мебиуса 
610 1 |a функция Эйлера 
610 1 |a сравнения 
610 1 |a теорема Ферма 
610 1 |a теорема Эйлера 
610 1 |a сравнения с одним неизвестным 
610 1 |a сравнения второй степени 
610 1 |a первообразованные корни 
610 1 |a индексы 
610 1 |a характеры 
675 |a 511(075.8)  |v 3 
700 1 |a Виноградов  |b И. М.  |g Иван Матвеевич 
801 1 |a RU  |b 63413507  |c 20061120  |g PSBO 
801 2 |a RU  |b 63413507  |c 20200722  |g PSBO 
900 |a Информационная безопасность и защита информации 
942 |c BK 
959 |a 96/20061120  |d 2  |e 110,53  |f АНЛ:1  |f НФ:1